000 00631nam a2200241Ia 4500
003 OSt
005 20220918200820.0
006 a|||||r|||| 00| 0
007 ta
008 220917b |||||||| |||| 00| 0 eng d
024 _a90,393
037 _cTextual
040 _aARTS
_cARTS
_beng
041 _2eng
_aeng
082 _aU8:5:N9, K2 (UD)
100 _aClifford Brian
_995666
245 0 _aVoyage of the Golden Lotus
260 _c1962
650 _aGEOGRAPHY
700 _a Illingworth Neil
_995667
942 _hU8:5:N9, K2 (UD)
_cTEXL
_2CC
999 _c214058
_d214058